| 000 | 00792nam a22002657a 4500 | ||
|---|---|---|---|
| 001 | 4512 | ||
| 003 | FISKH | ||
| 005 | 20250605102056.0 | ||
| 008 | 240912b cb ||||| |||| 00| 0 eng d | ||
| 020 | _a708431212060 | ||
| 040 |
_aFISKH _beng _cFISKH _dFISKH |
||
| 082 | _a629.04 | ||
| 100 |
_aLeap Frog _eby LeapFrog |
||
| 245 | _aLet's explore : Things that go / | ||
| 260 |
_aCalifornia : _bLeapFrog Interprises ; _c2012. |
||
| 300 |
_a49 pages : _bcolor illustrations ; _c24 cm . |
||
| 490 | _aTag reading system | ||
| 505 | _aM | ||
| 520 | _aLearn all about cars, trucks, airplanes, trains, and other things that go! | ||
| 521 | 8 |
_a550
_bLexile estimate |
|
| 521 | 8 |
_aM
_bRaz-Plus |
|
| 650 |
_avehicles _vnon-fiction |
||
| 942 |
_2ddc _cBK _n0 |
||
| 999 |
_c4512 _d4512 |
||